Մինաս Ավետիսյան = (Record no. 146747)
[ view plain ]
| 000 -LEADER | |
|---|---|
| fixed length control field | 01134nam a2200241 u 4500 |
| 001 - CONTROL NUMBER | |
| control field | 000385317 |
| 003 - CONTROL NUMBER IDENTIFIER | |
| control field | AM-YeHGA |
| 005 - DATE AND TIME OF LATEST TRANSACTION | |
| control field | 20250618072324.0 |
| 008 - FIXED-LENGTH DATA ELEMENTS--GENERAL INFORMATION | |
| fixed length control field | 040127s1984 ai r 000 0 arm d |
| 040 ## - CATALOGING SOURCE | |
| Original cataloging agency | AM-YeHGA |
| 041 0# - LANGUAGE CODE | |
| Language code of text/sound track or separate title | arm |
| 090 ## - LOCALLY ASSIGNED LC-TYPE CALL NUMBER (OCLC); LOCAL CALL NUMBER (RLIN) | |
| -- | 148134 |
| 245 00 - TITLE STATEMENT | |
| Title | Մինաս Ավետիսյան = |
| Remainder of title | Минас Аветисян: ՀՍՍՀ վաստակավոր նկարիչ: Ցուցահանդեսի կատալոգ / |
| Statement of responsibility, etc. | Կազմ.՝ Գ. Խոստիկյան; Հայաստանի նկարիչների միություն, Հայաստանի նկարչի տուն. |
| 246 31 - VARYING FORM OF TITLE | |
| Title proper/short title | Минас Аветисян : |
| Remainder of title | Заслуженный художник Армянской ССР |
| 260 ## - PUBLICATION, DISTRIBUTION, ETC. | |
| Place of publication, distribution, etc. | Երևան : |
| Name of publisher, distributor, etc. | Ա. հ., |
| Date of publication, distribution, etc. | 1984. |
| 300 ## - PHYSICAL DESCRIPTION | |
| Extent | 98 էջ : |
| Other physical details | նկ. ; |
| Dimensions | 26 սմ. |
| 546 ## - LANGUAGE NOTE | |
| Language note | Զուգահեռ տեքստը՝ ռուս. |
| 600 14 - SUBJECT ADDED ENTRY--PERSONAL NAME | |
| Personal name | Ավետիսյան, Մինաս Կարապետի, |
| Dates associated with a name | 1928-1975 |
| 9 (RLIN) | 2477 |
| 650 14 - SUBJECT ADDED ENTRY--TOPICAL TERM | |
| Topical term or geographic name entry element | Գեղանկարչություն |
| 700 1# - ADDED ENTRY--PERSONAL NAME | |
| Personal name | Խոստիկյան, Գ. |
| Relator term | կազմ. |
| Relationship | com |
| 710 2# - ADDED ENTRY--CORPORATE NAME | |
| Corporate name or jurisdiction name as entry element | Հայաստանի նկարիչների միություն |
| 710 2# - ADDED ENTRY--CORPORATE NAME | |
| Corporate name or jurisdiction name as entry element | Հայաստանի նկարչի տուն |
| Withdrawn status | Lost status | Damaged status | Not for loan | Collection | Home library | Current library | Date acquired | Total checkouts | Full call number | Barcode | Date last seen | Price effective from | Koha item type | Public note |
|---|---|---|---|---|---|---|---|---|---|---|---|---|---|---|
| General | Fundamental Scientific Library | Fundamental Scientific Library | 22/12/2016 | AIII/5576 | FL0075874 | 22/12/2016 | 22/12/2016 | Գրքեր / Books | 30 Days Loan |
ՀՀ Գիտությունների ազգային ակադեմիայի հիմնարար գիտական գրադարան = Fundamental Scientific Library of NAS RA
All site content, except where otherwise noted, is licensed under a